Most Guessed on Sporcle (Literature) Quiz Stats

 Plays Quiz Updated Jan 8, 2020

Support Sporcle.
Go Orange.
Score 0/20 Timer 05:00
1 Play Today
Category Most Guessed % Correct
Shakespeare TragedyRomeo and Juliet
93.6%
George Orwell BookNineteen Eighty-Four
83.9%
Dan Brown BookThe Da Vinci Code
77.1%
Dr. Seuss BookThe Cat in the Hat
76.8%
Jane Austen NovelPride and Prejudice
72.5%
Mark Twain NovelAdventures of Huckleberry Finn
70.1%
Charles Dickens NovelOliver Twist
64%
John Steinbeck BookThe Grapes of Wrath
63%
Roald Dahl BookCharlie and the Chocolate Factory
59.3%
JK Rowling BookHarry Potter and the Chamber of Secrets
57.4%
Category Most Guessed % Correct
Ernest Hemingway NovelThe Old Man and the Sea
56.2%
Shakespeare ComedyA Midsummer Night's Dream
51.3%
Michael Crichton NovelJurassic Park
50.5%
Douglas Adams NovelThe Hitchhiker's Guide to the Galaxy
49.8%
Kurt Vonnegut BookSlaughterhouse-Five
49.1%
Agatha Christie NovelMurder on the Orient Express
45%
Stephen King NovelCarrie
44.6%
Tom Clancy NovelThe Hunt for Red October
32.9%
John Grisham NovelThe Firm
32.8%
Chuck Palahniuk NovelFight Club
32.2%

From the Vault

Planets of the Solar System

by Derek

Science 90s
Planets are pretty awesome when you think about it. They just float and there's no obvious string holding them up.
Remove Ads.
Support Sporcle.
Get the best of Sporcle when you Go Orange. This ad-free experience offers more features, more stats, and more fun while also helping to support Sporcle. Thank you for becoming a member.

Show Comments

Extras

Top Quizzes Today


Score Distribution

Your Account Isn't Verified!

In order to create a playlist on Sporcle, you need to verify the email address you used during registration. Go to your Sporcle Settings to finish the process.

Report this User

Report this user for behavior that violates our Community Guidelines.

Details: